Geometry, relativity, and the fourth dimension /

Bibliographic Details
Main Author: Rucker, Rudy v. B. (Rudy von Bitter), 1946-
Format: Book
Language:English
Published: New York : Dover Publications, 1977.
Subjects:

MARC

Tag First Indicator Second Indicator Subfields
LEADER 00000cam a2200000 i 4500
001 in00000623913
005 20151015050657.0
008 770621s1977 nyua b 00010 eng
010 |a  76022240  
020 |a 0486234002 :  |c $2.75 ($3.25 Can) 
035 |a (OCoLC)02970830 
035 |9 ACT1375AM 
040 |a DLC  |c DLC  |d TXA  |d UtOrBLW 
049 |a TXAM  |c [1418793] 
050 0 0 |a QA699  |b .R8 1977 
082 0 |a 516/.182 
100 1 |a Rucker, Rudy v. B.  |q (Rudy von Bitter),  |d 1946- 
245 1 0 |a Geometry, relativity, and the fourth dimension /  |c by Rudolf v. B. Rucker. 
264 1 |a New York :  |b Dover Publications,  |c 1977. 
300 |a 133 pages :  |b illustrations ;  |c 22 cm. 
336 |a text  |b txt  |2 rdacontent 
337 |a unmediated  |b n  |2 rdamedia 
338 |a volume  |b nc  |2 rdacarrier 
504 |a Bibliography: pages [119]-133. 
650 0 |a Fourth dimension. 
650 0 |a Geometry, Non-Euclidean. 
650 0 |a Relativity (Physics) 
999 |a MARS 
999 f f |s 93b2438f-174c-3a2b-927d-31b66a41bbe5  |i cb7d6936-ec10-32c6-b474-c5b69aa6e1d9  |t 0 
952 f f |p normal  |a Texas A&M University  |b College Station  |c Sterling C. Evans Library  |s Evans stk  |d Evans: Library Stacks  |t 0  |e QA699 .R8 1977  |h Library of Congress classification  |i unmediated -- volume  |m A14833114788 
998 f f |a QA699 .R8 1977  |t 0  |l Evans: Library Stacks